[Event "2nd Sharjah Masters 2018"]
[Site "Sharjah"]
[Date "2018.04.18"]
[Round "8"]
[White "Yakubboev, Nodirbek"]
[Black "Mullick, Raahil"]
[Result "1-0"]
[WhiteElo "2482"]
[BlackElo "2053"]
[Annotator "TA"]
[PlyCount "97"]
[EventDate "2018.??.??"]
[EventType "swiss"]
[EventCountry "UAE"]
[SourceTitle "playchess.com"]
[Source "ChessBase"]
[SourceQuality "1"]

{[%evp 24,97,17,17,21,22,22,22,33,21,33,39,31,25,17,18,36,37,82,56,70,75,170,169,209,208,286,222,358,367,418,397,398,402,425,447,501,436,567,517,610,608,633,641,718,591,1101,1101,988,846,858,857,825,843,1184,1181,1165,1152,1128,1133,1797,1460,1292,1287,1077,1159,1139,1139,1132,1123,1786,1125,1125,1104,29994,29995]} 1. d4 d5 2. Nf3 Nf6 3. c4 c6 4. e3 Bf5 5. Nc3 e6 6. Nh4 Be4 7. Qb3 Qc7 8. f3 Bg6 9. Bd2 {D12: Slav Defence: 3 Nf3 Nf6 4 e3 Bf5} Be7 10. cxd5 cxd5 11. Nxg6 hxg6 12. O-O-O Nc6 13. Kb1 {[#] LiveBook: 45 Games} Rc8 $146 ({Predecessor:} 13... a6 14. Rc1 Nd7 15. Bd3 Rc8 16. Ne2 Qb6 {1-0 (72) Tregubov,P (2596)-Bareev,E (2683) Fuegen 2006}) 14. Rc1 Nd7 15. Bd3 Qb6 16. Qd1 a6 17. Ne2 O-O 18. Ka1 e5 {[%cal Re5d4]} 19. Bc3 Bf6 {[%cal Re5d4]} 20. Bb1 exd4 21. exd4 Qa7 22. h4 Rfd8 (22... b5 $16) 23. Qd3 $18 Nf8 {[#]} 24. g4 $1 {[%cal Bg2g4,Bg4g5][%mdl 32]} Ne6 {[%cal Rc6d4]} 25. Rcd1 Kf8 (25... b5 $142) 26. g5 Be7 27. f4 Ke8 28. f5 gxf5 29. Qxf5 g6 30. Qf2 b5 31. h5 gxh5 32. g6 Kd7 33. gxf7 Rf8 34. Rxh5 Ncd8 35. Rxd5+ Kc7 36. Qg3+ Kb6 37. Re5 Qc7 38. Qe3 Rxf7 39. Rxe6+ Nxe6 40. Qxe6+ Bd6 41. Bb4 Rd8 42. Bc5+ Kb7 43. Be4+ Kb8 44. Qd5 {[%csl Ge4][%cal Rd5a8]} Kc8 {[#]} 45. Bb6 $1 {[%mdl 512]} Qxb6 46. Qxf7 Bc7 47. Rc1 {Hoping for Nf4.} Kb8 48. Rc6 Qa5 {[#]} 49. b4 $1 {Precision: White = 88%, Black = 39%.} 1-0

[Event "2nd Sharjah Masters 2018"]
[Site "Sharjah"]
[Date "2018.04.18"]
[Round "8"]
[White "Darini, Pouria"]
[Black "Narayanan S L"]
[Result "1/2-1/2"]
[WhiteElo "2478"]
[BlackElo "2568"]
[Annotator "TA"]
[PlyCount "126"]
[EventDate "2018.??.??"]
[EventType "swiss"]
[EventCountry "UAE"]
[SourceTitle "playchess.com"]
[Source "ChessBase"]
[SourceQuality "1"]

{[%evp 28,126,33,22,38,0,23,-13,0,-14,10,18,25,16,16,19,19,12,117,16,16,18,16,13,124,124,121,117,170,91,192,192,185,126,126,126,126,126,126,126,126,126,152,152,165,165,165,165,165,165,165,165,165,165,165,165,165,165,165,165,165,165,165,165,165,150,150,150,391,383,379,371,6599,6599,6606,6606,6606,6606,6606,6606,5960,6606,6187,4606,12488,11508,12849,29952,29953,29946,12845,12011,5398,135,135,135,135,135,135,135,135]} 1. e4 e5 2. Nf3 Nc6 3. d4 exd4 4. Nxd4 Nf6 5. Nxc6 bxc6 6. e5 Qe7 7. Qe2 Nd5 8. c4 Nb6 9. Nc3 Qe6 10. Qe4 g6 {C45: Scotch Game} 11. Bd2 a5 (11... Bg7 12. c5 Nd5 13. Bc4 Qxe5 14. Qxe5+ Bxe5 15. Bxd5 cxd5 16. O-O-O O-O 17. Nxd5 Rb8 18. Bc3 Bxc3 19. Nxc3 {1-0 (49) Yu,Y (2729)-Dominguez Perez,L (2739) Doha 2016}) 12. Bd3 Bg7 13. O-O O-O 14. Rae1 Ba6 15. b3 {LiveBook: 7 Games} Rfe8 {[%cal Re6e5]} 16. Qf3 {next Ne4 is good for White.} Bxe5 17. Ne4 {[%cal Bc3e4,Be4g5,Bg5e6,Be6c7][%mdl 32] [#] Hoping for Ng5.} d6 $1 18. Bxa5 f5 $146 ({Predecessor:} 18... Bxc4 19. bxc4 Nxc4 20. Bc3 f5 21. Ng5 Qf6 22. Qxc6 Nb6 23. Bxe5 Qxg5 24. Bf6 {1-0 (24) Sethuraman,S (2546)-Erturan,Y (2370) Golden Sands 2012}) 19. Ng5 Qf6 20. Qxc6 d5 21. Qxf6 Bxf6 22. Ne6 $36 {[%mdl 2048] Black is under pressure.} Bxc4 (22... Rec8 $11 {remains equal.}) 23. Bxb6 (23. Nxc7 $16 Rxe1 24. Nxa8 Rxf1+ 25. Bxf1 Bxf1 26. Nxb6) 23... Bxd3 $11 24. Nxc7 Rxe1 25. Rxe1 Bc3 (25... Rxa2 $11 26. Nxd5 Bg7) 26. Nxa8 $16 Bxe1 {[%mdl 4096] Endgame KBB-KBN} 27. Nc7 Bb1 (27... d4 $16) 28. Kf1 (28. Nxd5 Bxa2 29. Kf1 Bd2 $11) (28. a4 $18) 28... Bd2 (28... Bc3 $16 {is a better defense.}) 29. Ke2 $18 (29. Nxd5 Bxa2 30. Be3 Bxe3 $11) 29... Bg5 30. a4 ({And not} 30. Nxd5 Bxa2 31. f4 Bh6 $11) (30. h4 $18 Bd8 31. Nxd5 Bxb6 32. Nxb6 Bxa2 33. b4) 30... Bc2 $16 31. a5 ({Much worse is} 31. Nxd5 $6 Bxb3 32. Nc3 Bc4+ 33. Ke1 Kf7 $11) 31... d4 32. Bxd4 {[#] aiming for a6.} Bd8 33. Be5 {Black must now prevent a6.} Bxb3 34. Kd3 Kf7 35. Kd4 Bxc7 36. Bxc7 {KB-KB} Ke6 37. Bf4 Bd5 38. f3 Bb7 39. Kc5 Kd7 40. Kb6 Bd5 41. Bh6 Bc6 42. h4 Bd5 43. a6 {[%cal Ba5a6,Ba6a7][%mdl 32]} Bc6 44. Kc5 Ba8 45. Kd4 Ke6 46. Ke3 Bc6 47. Kf4 Bb5 $2 (47... Kf6 $16 {was called for.} 48. a7 Bb7 49. Bg5+ Ke6) 48. a7 $18 Bc6 49. Kg5 Bb7 $2 (49... Kf7 50. h5 Bd5 51. hxg6+ hxg6) 50. Bg7 Kf7 51. Kh6 Kg8 52. Be5 Bc6 53. Bg3 Bd5 54. h5 Kf7 55. Kxh7 gxh5 56. Kh6 Ke6 57. Kxh5 Bc6 58. Kg5 Bd5 59. Bf4 Bc6 60. g4 $2 (60. Be3 $18 {and White stays clearly on top.} Ke5 61. Bd2) 60... fxg4 $16 {White is clearly better.} 61. fxg4 ({Don't play} 61. Kxg4 $6 Kd7 $14) 61... Kd7 62. Kf6 Kc8 63. g5 Kb7 {Precision: White = 71%, Black = 48%.} 1/2-1/2

[Event "2nd Sharjah Masters 2018"]
[Site "Sharjah"]
[Date "2018.04.18"]
[Round "8"]
[White "Grivas, Efstratios"]
[Black "Sun, Chao"]
[Result "1/2-1/2"]
[WhiteElo "2468"]
[BlackElo "2041"]
[Annotator "TA"]
[PlyCount "195"]
[EventDate "2018.??.??"]
[EventType "swiss"]
[EventCountry "UAE"]
[SourceTitle "playchess.com"]
[Source "ChessBase"]
[SourceQuality "1"]

{[%evp 15,195,0,38,8,8,3,13,0,9,0,0,0,0,0,0,0,10,0,19,19,19,20,35,28,33,26,33,22,23,14,48,27,65,66,66,67,68,44,61,36,56,11,10,11,23,10,18,8,8,8,27,27,27,63,77,77,77,77,77,27,27,27,77,77,77,27,27,27,27,27,27,27,27,27,27,27,27,0,27,27,27,27,27,27,27,27,27,27,27,27,27,13,27,8,27,27,27,27,27,27,27,27,27,11,27,11,27,11,11,11,11,11,11,11,11,0,11,11,11,11,11,10,10,10,11,11,11,10,10,10,11,0,11,11,11,11,11,11,11,11,11,11,11,0,11,11,11,11,11,11,11,0,11,11,11,11,11,11,11,0,11,11,11,0,0,0,0,0,0,0,0,0,0,0,0,0,0,0,0,0,0,0]} 1. Nf3 Nf6 2. c4 e6 3. Nc3 d5 4. d4 Bb4 5. cxd5 exd5 6. Bg5 h6 7. Bxf6 Qxf6 8. Qb3 Bxc3+ {LiveBook: 5 Games. D38: Queen's Gambit Declined: Ragozin Defence (4 Nf3 Bb4)} (8... Qb6 {NOTEXT} 9. Qc2 Be6 10. a3 Bd6 11. Na4 Qc6) 9. Qxc3 c6 10. e3 O-O 11. Bd3 Bf5 12. Bxf5 Qxf5 13. O-O (13. Qb3 Qc8 14. O-O Nd7 15. Rfe1 {½-½ (60) Nakamura,H (2785)-Aronian,L (2793) Stavanger 2017}) 13... Nd7 14. b4 $146 Nf6 15. a4 a6 16. b5 axb5 (16... Ne4 {NOTEXT} 17. Qb4 a5 18. Qb2 Rfc8 19. Rfc1 Rab8) 17. axb5 cxb5 18. Qb3 Rfc8 19. Rxa8 Rxa8 20. Qxb5 Qd7 21. Qxd7 Nxd7 $14 {[%mdl 4096] Endgame KRN-KRN} 22. Rb1 b6 23. g3 Ra2 24. Ne5 Nxe5 25. dxe5 {KR-KR} Ra4 26. Rxb6 {Hoping for Rd6.} Re4 27. Rb8+ Kh7 28. Rb5 (28. Rf8 {NOTEXT} Kg6 29. Re8 d4 30. exd4 Rxd4 31. Kg2) 28... Rxe5 29. Kf1 g5 30. h3 h5 31. g4 hxg4 32. hxg4 Re4 33. Rxd5 Rxg4 34. f3 Ra4 35. Rxg5 Kh6 36. Rg8 Ra2 37. Rg2 Ra3 38. Kf2 f6 39. Rg8 Kh7 40. Rg1 (40. Rg4 {NOTEXT} Kh6 41. f4 f5 42. Rg3 Ra2+ 43. Kf3) 40... Ra2+ 41. Kg3 Kg6 42. Kf4+ Kf7 43. Rd1 Ra5 44. e4 Kg6 45. Kg4 Rg5+ 46. Kf4 Ra5 47. Rd8 Rb5 48. Rd5 Rb1 49. Ra5 Rb4 50. Ra6 Rb5 51. Kg3 Re5 52. Ra4 Rb5 53. f4 Rb6 54. Kg4 Rb1 55. Ra6 Rg1+ 56. Kf3 {[#] aiming for e5.} Kf7 57. Ra7+ Kf8 58. Rc7 Ke8 59. Ke3 Kf8 60. Kd4 {Threatening Kd5.} Rf1 61. f5 {With the idea Kd5.} Rd1+ {The position is equal.} 62. Kc5 Ke8 63. Rb7 Kf8 64. Rb4 Ke7 65. Rb7+ Ke8 66. Rb6 Ke7 67. Re6+ Kf7 68. Rd6 Rc1+ 69. Kd5 Ke7 {[#] And now ...Rd1+ would win.} 70. Re6+ Kf7 71. Rc6 Rd1+ 72. Kc5 Ke7 73. Rc7+ Ke8 74. Ra7 Kf8 75. Kc4 Ke8 76. Kc3 Kf8 77. Ra4 Ke7 78. Kc2 Rd8 79. Kc3 Rd1 80. Rd4 Ra1 81. Kc4 Ra4+ 82. Kc5 Ra1 (82... Ra5+ {NOTEXT} 83. Kb4 Ra2 84. Kb3 Ra1 85. Kc3 Ra3+) 83. Rb4 Rd1 84. Kc6 Rc1+ 85. Kd5 Rd1+ 86. Rd4 Ra1 87. Rb4 Rd1+ 88. Kc4 Kd6 89. Rb7 Ke5 90. Re7+ Kf4 91. Re6 Rd2 92. Kc5 Rd1 93. Rd6 Re1 94. Rxf6 {Strongly threatening Re6.} Rxe4 95. Kd6 Re5 96. Rf8 Rxf5 97. Rxf5+ Kxf5 98. Kd5 {Precision: White = 59%, Black = 68%.} 1/2-1/2

[Event "2nd Sharjah Masters 2018"]
[Site "Sharjah"]
[Date "2018.04.18"]
[Round "8"]
[White "Sindarov, Javokhir"]
[Black "Erigaisi Arjun"]
[Result "1/2-1/2"]
[WhiteElo "2431"]
[BlackElo "2481"]
[Annotator "TA"]
[PlyCount "89"]
[EventDate "2018.??.??"]
[EventType "swiss"]
[EventCountry "UAE"]
[SourceTitle "playchess.com"]
[Source "ChessBase"]
[SourceQuality "1"]

{[%evp 16,89,16,-5,3,-10,0,-27,-23,-41,-15,-46,0,0,0,0,2,0,8,-12,-4,-8,-3,-10,-2,-26,-35,-41,-35,-42,-41,-64,-72,-67,-51,-49,-48,-73,-82,-67,-37,-40,-22,-40,-15,-15,-18,-51,-11,-4,-9,-4,-7,-4,-11,-50,-23,-16,0,0,0,0,0,0,0,0,0,0,0,0,0,0,0,0,0,0]} 1. e4 c5 2. Nc3 d6 3. Bb5+ Nd7 4. f4 a6 5. Bxd7+ Bxd7 6. Nf3 g6 7. O-O Bg7 8. d3 Bc6 9. Qe1 {LiveBook: 72 Games} Qc7 {B23: Closed Sicilian: Lines without g3} (9... Qd7 10. Bd2 e6 11. Rb1 Ne7 12. a3 b5 13. b4 Bb7 14. Ne2 Rc8 15. Bc3 f6 16. Kh1 O-O 17. Qd2 Qc7 {0-1 (47) Anton Guijarro,D (2634)-Korobov,A (2700) Berlin 2015}) 10. Be3 Nf6 11. h3 O-O {Black has an edge.} 12. Ne2 $146 ({Find the theoretical novelty and annotate with similar games:} 12. Qh4 e6 13. Rae1 b6 14. f5 exf5 15. exf5 Rae8 16. fxg6 fxg6 17. Bg5 Rxe1 18. Qxe1 {1-0 (42) Rosen,D (2165)-De Kruif,K (2056) Guernsey 2004}) 12... Rae8 13. Qh4 d5 14. e5 d4 15. Bd2 Bxf3 16. Rxf3 Nd5 17. Re1 f5 18. Qf2 e6 19. h4 h5 20. a3 Kf7 21. Rc1 Rc8 $36 {[%mdl 2048] Black has some pressure.} 22. Qe1 Rfd8 23. Kh1 Bf8 {[%cal Bg7f8,Bf8e7,Be7d8][%mdl 32]} 24. Rf1 Be7 25. Rb1 Qc6 26. Qf2 Rd7 27. Rfc1 Bd8 28. Ng1 {[%cal Be2g1,Bg1f3,Bf3g5][%mdl 32]} b5 29. Nf3 Bb6 30. b3 Kg7 31. Qg3 c4 32. bxc4 bxc4 33. dxc4 Qxc4 34. Ng5 Qc6 35. Qb3 Ba7 36. Qf3 Bc5 {The position is equal.} 37. c4 Ne3 38. Rb3 Ng4 39. Rcb1 Be7 40. Rb7 Rxb7 41. Rxb7 Kf8 42. Qxc6 Rxc6 43. Rb8+ Kg7 44. Rb7 Kf8 45. Rb8+ {Precision: White = 52%, Black = 58%.} 1/2-1/2

[Event "2nd Sharjah Masters 2018"]
[Site "Sharjah"]
[Date "2018.04.18"]
[Round "8"]
[White "Arjun Kalyan"]
[Black "Raahul V S"]
[Result "1-0"]
[WhiteElo "2397"]
[BlackElo "2258"]
[Annotator "TA"]
[PlyCount "67"]
[EventDate "2018.??.??"]
[EventType "swiss"]
[EventCountry "UAE"]
[SourceTitle "playchess.com"]
[Source "ChessBase"]
[SourceQuality "1"]

{[%evp 23,67,4,17,11,14,7,29,20,97,88,98,87,101,93,99,98,120,118,167,168,220,204,205,199,207,197,195,199,220,227,565,572,566,572,559,558,614,597,636,639,780,773,743,737,778,776]} 1. e4 e5 2. Nf3 Nc6 3. Bb5 {[%cal Bf1b5,Bb5a4,Ba4b3][%mdl 32]} a6 4. Ba4 Nf6 5. O-O b5 6. Bb3 Bb7 7. Re1 Bc5 8. c3 {[%cal Bc2c3,Bc3d4,Bd4d5][%mdl 32]} d6 9. d4 Bb6 10. Be3 O-O 11. Nbd2 exd4 {C78: Ruy Lopez: Archangelsk and Möller Defences} 12. cxd4 Nb4 {LiveBook: 18 Games} 13. Qe2 c5 {The position is equal.} 14. a3 Nc6 {[%cal Rc5d4]} 15. d5 {[#]} Nd4 $146 {[#]} (15... Ne7 $11) ({Predecessor:} 15... Ne7 16. h3 Re8 17. Bc2 Ng6 18. b3 Ba5 19. Rab1 {0-1 (36) Karjakin,S (2778)-Caruana,F (2773) Sao Paulo/Bilbao 2012}) 16. Nxd4 $1 $16 cxd4 17. Bg5 h6 {[#]} 18. Bh4 $1 g5 19. Bg3 Qe7 20. a4 bxa4 21. Bxa4 ({But not} 21. Rxa4 $6 Rae8 $16) 21... Nd7 {[#]} (21... Rfc8 $142 22. Nc4 Bc5) 22. Bxd6 $1 {[%mdl 512]} Qxd6 23. Nc4 d3 {And now ...Qc5 would win.} 24. Nxd6 dxe2 25. Nxb7 Ne5 26. Nd6 Bxf2+ $2 (26... h5 {is tougher.} 27. Rxe2 Rab8) 27. Kxf2 $18 {White is clearly winning.} Nd3+ 28. Kxe2 Nxe1 29. Rxe1 Rab8 30. b3 Kh7 31. Kd3 Rb6 32. e5 Rbb8 33. Rf1 Rbd8 34. Rf6 {Precision: White = 97%, Black = 33%.} 1-0

[Event "2nd Sharjah Masters 2018"]
[Site "Sharjah"]
[Date "2018.04.18"]
[Round "8"]
[White "Rajdeep Sarkar"]
[Black "Shanya Mishra"]
[Result "1-0"]
[WhiteElo "2393"]
[BlackElo "1922"]
[Annotator "NA"]
[PlyCount "97"]
[EventDate "2018.??.??"]
[EventType "swiss"]
[EventCountry "UAE"]
[SourceTitle "playchess.com"]
[Source "ChessBase"]
[SourceQuality "1"]
[TimeControl "5400+30"]

1. Nf3 Nf6 2. g3 d5 3. Bg2 e6 4. O-O Be7 5. b3 O-O 6. c4 c5 7. Bb2 Nc6 8. e3 b6 9. Qe2 Bb7 10. Rd1 Qc7 11. Nc3 Rad8 12. Rac1 dxc4 13. bxc4 Qb8 14. Ne1 Qa8 15. f4 Ne8 $11 16. g4 Nd6 17. d3 Rd7 18. Nf3 f6 19. Nd2 Rfd8 20. a3 f5 21. gxf5 Nxf5 22. Nf3 Bf6 23. Na4 Kh8 24. Bxf6 gxf6 25. Kf2 Rg7 26. Bh3 Rdg8 27. Rg1 Rxg1 28. Rxg1 Rxg1 29. Nxg1 Nce7 30. Qb2 Kg7 31. Ne2 Kf7 32. Ng3 Bc6 33. Nc3 Nxg3 34. hxg3 f5 35. Nb5 Qb8 36. a4 a6 37. Nc3 Qd6 38. Qe2 Ng6 39. Bf1 Qf8 40. Qb2 Qd8 41. Be2 e5 42. fxe5 Nxe5 43. Nd5 Nd7 44. Bf3 Bxd5 45. Bxd5+ Kg6 46. a5 b5 47. cxb5 Qxa5 48. Bc6 Nb6 49. Be8+ 1-0

[Event "2nd Sharjah Masters 2018"]
[Site "Sharjah"]
[Date "2018.04.18"]
[Round "8"]
[White "Kowsarinia, Amir"]
[Black "Haddouche, Mohamed"]
[Result "0-1"]
[WhiteElo "2316"]
[BlackElo "2506"]
[Annotator "TA"]
[PlyCount "92"]
[EventDate "2018.??.??"]
[EventType "swiss"]
[EventCountry "UAE"]
[SourceTitle "playchess.com"]
[Source "ChessBase"]
[SourceQuality "1"]

{[%evp 19,92,47,55,25,22,0,7,4,0,0,0,-5,6,-8,-10,-14,-11,-7,0,0,4,-34,0,0,-2,-8,0,0,0,0,0,-28,-18,-11,0,-22,0,0,0,-50,-50,-43,-72,-81,-54,-62,-5,-203,-204,-618,-612,-603,-596,-561,-506,-515,-442,-595,-556,-554,-499,-516,-436,-470,-463,-459,-431,-810,-810,-821,-810,-1330,-1301,-29990,-29991]} 1. d4 Nf6 2. c4 d6 3. Nc3 Nbd7 4. Nf3 e5 5. g3 c6 6. Bg2 Be7 7. O-O O-O 8. Qc2 a6 9. b3 {A54: Old Indian Defence with Nf3, but without e4} (9. e4 b5 10. c5 dxc5 11. Nxe5 Bb7 12. Nf3 cxd4 13. Nxd4 Re8 14. Rd1 Qb6 15. h3 Bf8 16. Nf5 c5 17. Bf4 Re6 {½-½ (40) Grischuk,A (2779)-Bologan,V (2672) Khanty-Mansiysk 2013}) 9... Re8 10. Bb2 Bf8 {LiveBook: 14 Games} 11. dxe5 {White is slightly better.} dxe5 12. Rad1 Qc7 13. Nd2 $146 ({Predecessor:} 13. Ng5 g6 14. Nce4 Nxe4 15. Nxe4 f5 16. Rxd7 Bxd7 17. Nf6+ Kf7 18. Nxe8 Rxe8 {1-0 (65) Bouton,C (2220)-Laclau,D (2265) France 1992}) 13... Nc5 14. Nde4 Nfxe4 15. Nxe4 f5 16. Ng5 a5 17. Nf3 {[%cal Bg5f3,Bf3e1,Be1c2,Bc2d4][%mdl 32]} g6 18. Qc1 Bg7 19. Ba3 b6 20. Qe3 (20. Bxc5 $5 bxc5 21. e4 $11) 20... Qe7 21. Ne1 {[#] Black must now prevent Bxc5.} e4 22. f3 Ra7 {[%cal Ba8a7,Ba7d7,Bd7d6][%mdl 32]} 23. fxe4 fxe4 24. Nc2 Rd7 25. Nd4 Rd6 {...Qd7 is the strong threat.} 26. Nc2 $1 Bf5 27. Kh1 Qd7 28. Qc1 Bg4 $36 {[%mdl 2048] White is under pressure.} 29. Bxc5 bxc5 30. Rxd6 Qxd6 31. Qf4 Qe6 32. Qd2 a4 ({Black should try} 32... h5 $15) 33. bxa4 $2 (33. Ne3 $11) 33... Qxc4 $19 34. Qf4 $2 (34. e3) 34... Bxe2 35. Ne3 Qxa2 36. Re1 Bd3 37. Ng4 Qxa4 38. Nf2 Rf8 39. Qd2 Qb4 40. Qxb4 cxb4 41. Nxe4 b3 {[%cal Bb4b3,Bb3b2][%mdl 32]} 42. Nc5 Bc2 43. Bxc6 (43. Nxb3 $142 Bxb3 44. Bxc6) 43... b2 44. Bd5+ Kh8 {[#] aiming for ...Bc3.} 45. Ba2 Ra8 46. Bd5 Ra1 {Precision: White = 42%, Black = 61%.} 0-1

[Event "2nd Sharjah Masters 2018"]
[Site "Sharjah"]
[Date "2018.04.18"]
[Round "8"]
[White "Dhulipalla Bala Chandra Prasa"]
[Black "Sidhant, Mohapatra"]
[Result "1/2-1/2"]
[WhiteElo "2294"]
[BlackElo "2382"]
[Annotator "NA"]
[PlyCount "75"]
[EventDate "2018.??.??"]
[EventType "swiss"]
[EventCountry "UAE"]
[SourceTitle "playchess.com"]
[Source "ChessBase"]
[SourceQuality "1"]
[TimeControl "5400+30"]

1. d4 {[%emt 0:00:00]} Nf6 {[%emt 0:00:23]} 2. c4 {[%emt 0:00:04]} e6 {[%emt 0:00:08]} 3. g3 {[%emt 0:00:07]} d5 {[%emt 0:00:05]} 4. Nf3 {[%emt 0:00:08]} Bb4+ {[%emt 0:00:09]} 5. Bd2 {[%emt 0:00:17]} Bd6 {[%emt 0:00:22]} 6. Nc3 {[%emt 0:02:03]} c6 {[%emt 0:02:24]} 7. Qc2 {[%emt 0:03:28]} O-O {[%emt 0:08:17]} 8. e4 {[%emt 0:13:30]} dxe4 {[%emt 0:25:12]} 9. Nxe4 {[%emt 0:00:15]} Nxe4 {[%emt 0:00:20]} 10. Qxe4 {[%emt 0:00:09]} Re8 {[%emt 0:00:10]} 11. Bd3 {[%emt 0:20:57]} f5 {[%emt 0:00:51]} 12. Qe2 {[%emt 0:00:19]} c5 {[%emt 0:03:02]} 13. O-O {[%emt 0:01:12]} Nc6 {[%emt 0:02:44]} 14. dxc5 $14 {[%emt 0:17:33]} Bxc5 {[%emt 0:00:26]} 15. Bg5 {[%emt 0:02:49]} Be7 {[%emt 0:09:17]} 16. Bxe7 {[%emt 0:05:23]} Qxe7 {[%emt 0:00:37]} 17. Ne5 {[%emt 0:00:28]} Qd6 {[%emt 0:06:48]} 18. Nxc6 {[%emt 0:10:03]} Qxc6 {[%emt 0:00:12]} 19. Rfe1 {[%emt 0:05:03]} e5 {[%emt 0:01:37]} 20. Rad1 {[%emt 0:07:21]} e4 {[%emt 0:04:26]} 21. Qe3 {[%emt 0:02:38]} Be6 {[%emt 0:01:12]} 22. Be2 {[%emt 0:00:06]} Bf7 {[%emt 0:03:43]} 23. Rd4 {[%emt 0:00:56]} Rad8 {[%emt 0:07:02]} 24. Red1 {[%emt 0:01:36]} Rxd4 {[%emt 0:00:11]} 25. Qxd4 {[%emt 0:00:39]} h6 {[%emt 0:01:49]} 26. Qd7 {[%emt 0:01:26]} Qb6 {[%emt 0:01:35]} 27. Qd4 {[%emt 0:01:36]} Qa5 {[%emt 0:00:17]} 28. a3 {[%emt 0:00:21]} b6 {[%emt 0:00:37]} 29. Qe3 {[%emt 0:00:26]} Qe5 {[%emt 0:00:47]} 30. Qd4 {[%emt 0:00:21]} Qe7 {[%emt 0:01:00]} 31. Qd7 {[%emt 0:01:05]} Qf6 {[%emt 0:00:08]} 32. Qd4 {[%emt 0:00:46]} Qg5 {[%emt 0:01:52]} 33. h4 {[%emt 0:01:26]} Qg6 {[%emt 0:01:08]} 34. Qd6 {[%emt 0:00:30]} Re6 {[%emt 0:00:20]} 35. Qb8+ {[%emt 0:00:12]} Re8 {[%emt 0:00:01]} 36. Qd6 {[%emt 0:00:30]} Re6 {[%emt 0:00:01]} 37. Qb8+ {[%emt 0:01:54]} Re8 {[%emt 0:00:06]} 38. Qd6 {[%emt 0:00:46]} 1/2-1/2

[Event "2nd Sharjah Masters 2018"]
[Site "Sharjah"]
[Date "2018.04.18"]
[Round "8"]
[White "Srija, Seshadri"]
[Black "Gagare, Shalmali"]
[Result "1-0"]
[WhiteElo "2264"]
[BlackElo "2039"]
[Annotator "NA"]
[PlyCount "121"]
[EventDate "2018.??.??"]
[EventType "swiss"]
[EventCountry "UAE"]
[SourceTitle "playchess.com"]
[Source "ChessBase"]
[SourceQuality "1"]
[TimeControl "5400+30"]

1. e4 {[%emt 0:00:00]} c5 {[%emt 0:00:48]} 2. Nf3 {[%emt 0:00:00]} Nc6 {[%emt 0:00:19]} 3. d4 {[%emt 0:00:00]} cxd4 {[%emt 0:00:31]} 4. Nxd4 {[%emt 0:00:08]} Nf6 {[%emt 0:00:41]} 5. Nc3 {[%emt 0:00:08]} e5 {[%emt 0:00:27]} 6. Ndb5 {[%emt 0:00:09]} d6 {[%emt 0:00:32]} 7. Bg5 {[%emt 0:00:14]} a6 {[%emt 0:01:07]} 8. Na3 {[%emt 0:00:07]} b5 {[%emt 0:00:43]} 9. Nd5 {[%emt 0:00:07]} Be7 {[%emt 0:00:32]} 10. Bxf6 {[%emt 0:00:15]} Bxf6 {[%emt 0:00:16]} 11. c4 {[%emt 0:00:07]} b4 {[%emt 0:02:14]} 12. Nc2 {[%emt 0:00:07]} a5 {[%emt 0:01:18]} 13. g3 {[%emt 0:00:37]} O-O {[%emt 0:01:59]} 14. Bg2 {[%emt 0:00:37]} Bg5 {[%emt 0:02:12]} 15. O-O {[%emt 0:00:16]} Ne7 {[%emt 0:08:17]} 16. b3 {[%emt 0:05:59]} Bb7 {[%emt 0:09:52]} 17. Nxe7+ {[%emt 0:10:04]} Qxe7 {[%emt 0:01:43]} 18. Qd3 {[%emt 0:00:38]} Qc7 {[%emt 0:30:00]} 19. Rad1 {[%emt 0:05:50]} Rad8 {[%emt 0:04:37]} 20. f4 {[%emt 0:01:02]} exf4 {[%emt 0:05:20]} 21. gxf4 {[%emt 0:00:09]} Bf6 {[%emt 0:05:12]} 22. Ne3 {[%emt 0:01:23]} Rfe8 {[%emt 0:04:14]} 23. Nf5 {[%emt 0:08:23]} Re6 {[%emt 0:04:51]} 24. Rf2 {[%emt 0:09:09]} g6 {[%emt 0:04:56]} 25. Nh6+ {[%emt 0:02:00]} Kg7 {[%emt 0:02:33]} 26. f5 {[%emt 0:00:22]} Ree8 {[%emt 0:02:56]} 27. Ng4 {[%emt 0:05:59]} g5 {[%emt 0:02:07]} 28. Qh3 {[%emt 0:07:46]} h5 {[%emt 0:00:35]} 29. Nxf6 {[%emt 0:00:09]} Kxf6 {[%emt 0:00:06]} 30. Qxh5 {[%emt 0:00:18]} Rh8 {[%emt 0:00:09]} 31. Qe2 {[%emt 0:00:07]} Qe7 {[%emt 0:01:46]} 32. Bf3 {[%emt 0:19:07]} Qe5 {[%emt 0:00:35]} 33. Rg2 {[%emt 0:00:45]} Rh4 {[%emt 0:00:45]} 34. Qe3 {[%emt 0:08:06]} Rf4 {[%emt 0:01:13]} 35. Re2 {[%emt 0:04:27]} Re8 {[%emt 0:01:26]} 36. Qd3 {[%emt 0:05:36]} Rd8 {[%emt 0:01:01]} 37. Bg2 {[%emt 0:00:36]} Ke7 {[%emt 0:00:20]} 38. Qg3 {[%emt 0:01:45]} f6 {[%emt 0:00:15]} 39. Ree1 {[%emt 0:03:10]} Kf7 {[%emt 0:00:24]} 40. Qe3 {[%emt 0:02:48]} Rh4 {[%emt 0:00:39]} 41. Qg3 {[%emt 0:00:46]} Rf4 {[%emt 0:00:12]} 42. Rf1 {[%emt 0:00:41]} Bxe4 {[%emt 0:00:53]} 43. Rxf4 {[%emt 0:00:01]} gxf4 {[%emt 0:00:27]} 44. Qg6+ {[%emt 0:00:07]} Kf8 {[%emt 0:00:40]} 45. Bxe4 {[%emt 0:00:15]} Rd7 {[%emt 0:00:27]} 46. Qh6+ {[%emt 0:01:44]} Rg7+ {[%emt 0:00:10]} 47. Kf1 {[%emt 0:00:26]} Qxe4 {[%emt 0:00:26]} 48. Qxf6+ {[%emt 0:00:03]} Kg8 {[%emt 0:01:10]} 49. Qe6+ {[%emt 0:00:10]} Qxe6 {[%emt 0:00:05]} 50. fxe6 {[%emt 0:00:01]} Ra7 {[%emt 0:00:38]} 51. Rxd6 {[%emt 0:00:06]} Kf8 {[%emt 0:00:23]} 52. Rd8+ {[%emt 0:00:20]} Ke7 {[%emt 0:00:09]} 53. Rd7+ {[%emt 0:00:04]} Rxd7 {[%emt 0:00:08]} 54. exd7 {[%emt 0:00:02]} Kxd7 {[%emt 0:00:19]} 55. Ke2 {[%emt 0:00:20]} Kd6 {[%emt 0:00:14]} 56. Kd3 {[%emt 0:00:16]} Ke5 {[%emt 0:00:19]} 57. h4 {[%emt 0:00:07]} Kf5 {[%emt 0:00:15]} 58. h5 {[%emt 0:00:14]} Kg4 {[%emt 0:00:15]} 59. h6 {[%emt 0:00:08]} f3 {[%emt 0:00:29]} 60. h7 {[%emt 0:00:05]} f2 {[%emt 0:00:10]} 61. Ke4 1-0